[Event "Hoogovens-B"]
[Site "Wijk aan Zee"]
[Date "1999.01.23"]
[Round "4"]
[White "Lputian, Smbat G"]
[Black "Bauer, Christian"]
[Result "1-0"]
[WhiteElo "2614"]
[BlackElo "2528"]
[Annotator "Atlas,V"]
[PlyCount "81"]
[EventDate "1999.01.19"]
[EventType "tourn"]
[EventRounds "11"]
[EventCountry "NED"]
[EventCategory "11"]
[SourceTitle "CBM 069"]
[Source "ChessBase"]
[SourceDate "1999.04.01"]
[SourceVersion "1"]
[SourceVersionDate "1999.04.01"]
[SourceQuality "1"]

1. d4 e6 2. c4 Nf6 3. Nf3 b6 4. a3 Ba6 5. Qc2 Bb7 6. Nc3 c5 7. e4 cxd4 8. Nxd4
Bc5 9. Nb3 Nc6 10. Bf4 O-O (10... d6 11. O-O-O e5 12. Bg5 h6 13. Bh4 g5 14. Bg3
O-O 15. f3 a5 16. Qd2 Re8 17. h4 Nh5 18. Be1 Nf4 19. hxg5 Qxg5 20. Rh4 $1 {
led to White's advantage in Akopian,V-Tunik,G/St.Petersburg 1993/TD 1-0 (43)})
11. O-O-O (11. Nxc5 bxc5 12. Bd6 Nd4 13. Qd3 Re8 ({Piket,J-Salov,V/Wijk aan
Zee 1997/CBM 57 saw} 13... e5 14. Bxc5 Re8 15. Bxd4 exd4 16. Qxd4 Nxe4 17.
O-O-O {and Black did not obtain sufficient compensation for a pawn}) 14. b4 (
14. Bxc5 $2 Nb3) 14... e5 15. Be2 cxb4 16. axb4 Re6 17. c5 Ne8 18. Bg4 Rg6 19.
Bh5 Rg5 {gave Black better chances in Van Wely,L-Granda Zuniga,J/Wijk aan Zee
1997/CBM 57 0-1 (57)}) 11... Rc8 (11... e5 12. Bg3 Rc8 13. Kb1 Nd4 14. Nxd4
exd4 15. Nd5 b5 16. Bh4 Bxd5 17. cxd5 Be7 18. Qd3 Nxe4 {and Black equalized in
Cramling,P-Illescas Cordoba,M/Ponferrada 1997/CBM 60 ext 1/2-1/2 (65)}) 12. Kb1
e5 13. Bc1 {It is not yet a real deviation from Cramling,P-Illescas Cordoba,M.
After the moves} Nd4 14. Nxd4 exd4 15. Nd5 b5 16. Bg5 Bxd5 {it is only the
continuation} 17. exd5 $5 {that marked a new idea.} (17. cxd5 Be7 18. Qd3 Nxe4
{solves Black's problems, as the game Cramling,P-Illescas Cordoba,M had
demonstrated.}) 17... Qb6 18. cxb5 Bxa3 19. Qd3 Be7 $6 ({Black could have
totally changed the character of the game, had he played} 19... Nxd5 $5 20.
Qxd4 ({After} 20. bxa3 $2 {Black's attack develops of its own accord:} Nc3+ 21.
Ka1 (21. Kb2 Rc5 22. Be7 Rxb5+ 23. Qxb5 (23. Bb4 Rxb4+ 24. axb4 Qxb4+ 25. Kc2 (
25. Kc1 Na2+ 26. Kc2 Rc8+ $19) 25... Qa4+ 26. Kc1 Qa1+ 27. Kc2 Qa2+ 28. Kc1 Rc8
$19) 23... Nxb5 24. Bxf8 Nc3+ $19) 21... Qc5 $19 {[%csl Ra3,Rg5]}) 20... Qg6+
21. Qd3 Nc3+ $5 (21... Qxg5 22. Qxd5 (22. Qxa3 Nf4 $1) 22... Rc1+ 23. Ka2 Qxd5+
24. Rxd5 Bc5 25. Rxd7 Bxf2 26. g3 $11) 22. bxc3 Qxg5 {should balance Black's
weak pawn at d7.}) 20. Qxd4 Bc5 21. Qf4 Nh5 (21... Bxf2 22. Bxf6 Qxf6 23. Qxf6
gxf6 24. Bd3 {[%cal Yd3f5,Yf5d7,Gh1f1,Gf1f6,Rd5d6] leaves White with the
advantageous endgame.}) 22. Qf5 g6 23. Qxd7 $16 Nf6 24. Bxf6 Qxf6 25. Qg4 Rcd8
26. Bc4 Rfe8 27. Rd2 Bxf2 28. Rhd1 (28. Rf1 Re1+) 28... Bc5 (28... Rd6 {
was a better try. Now White succeeds to set his central pawn going and, what
is more important, to activate his bishop.}) 29. d6 $1 h5 (29... Rxd6 30. Rxd6
Bxd6 31. Rf1 Qxf1+ 32. Bxf1 Re1+ 33. Kc2 Rxf1 34. Qd4 Bxh2 35. Qxa7 {and White
wins}) 30. Qg3 Re3 31. Rf2 $1 {[%cal Yc4f7,Yf2f7]} Rxd6 32. Rxd6 Re1+ 33. Ka2
Qxd6 (33... Qxf2 $2 34. Rxg6+ $18) 34. Qxd6 Bxd6 35. Rxf7 Rc1 ({After} 35...
Kh8 36. Rxa7 {White wins easy.}) 36. Rd7+ $1 Rxc4 37. Rxd6 Kg7 {Black parts
with yet another pawn.} (37... Rg4 38. Rd7 (38. Rd8+ Kf7 39. Rd7+ Ke6 40. Rxa7
Rxg2 41. b6 Rg5 (41... Kd6 42. Rg7 $18) 42. Rg7 Ra5+ 43. Kb1 g5 44. b7 Rb5 45.
Rxg5) 38... Rg5 (38... Rxg2 39. Rxa7 Rxh2 40. b6 Rh4 41. b7 Rb4 42. Ra8+ Kg7
43. b8=Q Rxb8 44. Rxb8 h4 45. Rc8 g5 46. b4 h3 (46... Kf6 47. b5) 47. Rc3 g4
48. Rg3) 39. Rxa7 $18) 38. Rd7+ Kh6 39. Rxa7 Rc5 40. Ra5 Kg5 41. b4 1-0

[Event "Zanic Memorial"]
[Site "Stara Pazova"]
[Date "2001.03.16"]
[Round "8"]
[White "Prelevic, Dusko"]
[Black "Zivanic, Marko"]
[Result "1-0"]
[WhiteElo "2385"]
[BlackElo "2418"]
[Annotator "Atlas,V"]
[PlyCount "83"]
[EventDate "2001.03.09"]
[EventType "tourn"]
[EventRounds "11"]
[EventCountry "YUG"]
[EventCategory "8"]
[SourceTitle "CBM 082"]
[Source "ChessBase"]
[SourceDate "2001.05.17"]
[SourceVersion "1"]
[SourceVersionDate "2001.05.17"]
[SourceQuality "1"]

1. d4 Nf6 2. c4 e6 3. Nf3 b6 4. a3 Ba6 5. Qa4 Bb7 6. Nc3 Be7 7. Bg5 c5 8. Rd1
cxd4 9. Nxd4 O-O 10. e3 a6 11. Bd3 Qc7 12. O-O Nc6 13. Nf3 Rfc8 14. Qc2 h6 15.
Bf4 d6 16. h3 Na5 17. Nd2 Nd7 18. b4 Nc6 19. Rc1 Nce5 20. Be2 Ng6 21. Bg3 Bh4
22. Bh2 Be7 23. Rfd1 Nh4 24. e4 Ng6 25. Qd3 Rd8 26. Qe3 Rac8 27. Bh5 Qb8 28.
Bxg6 fxg6 29. Ne2 e5 30. Nc3 Bg5 31. Qd3 Nf6 32. Nd5 Nxd5 33. exd5 Kh7 34. h4
Bxh4 35. Ne4 Be7 36. f4 exf4 37. Bxf4 Qa8 {[%tqu "En","The black king was
deserted by his pieces, but the pawn shield around him appears to be quite
reliable protection. Can you prove the opposite? How would you continue?","As
it often happens in attack, you need to undertake a sacrifice in order to
power up your offensive.","Use your bishop to disclose the black king.","f4g5",
"After this strike Black's position cracks down.",8]} 38. Bg5 $3 {[%csl Re7,
Rh7][%cal Gd3h3,Gg5d8,Gh3h7] Excellent move, allowing White to develop an
irresistible attack.} Rc7 ({Capturing the bishop would lead to a spectacular
final:} 38... Bxg5 39. Nxg5+ hxg5 40. Qh3+ Kg8 41. Qe6+ Kh7 42. Rd3 g4 43. Rcc3
Kh6 44. Qxg4 Kh7 45. Rh3+ Kg8 46. Qe6+ Kf8 47. Rh8#) ({or} 38... hxg5 39. Qh3+
Kg8 40. Qe6+ Kf8 41. Rf1+ Ke8 (41... Bf6 42. Nxg5 Bxd5 43. Nh7#) 42. Rce1 Rc7
43. Nxd6+ Rxd6 44. Qg8+ Kd7 45. Rxe7+ Kxe7 46. Rf7#) 39. Rf1 Bc8 40. Rf7 $1
hxg5 41. Qd4 $1 Rg8 {[%tqu "En","The piece sacrifice yielded White an
irresistible attack. How would you conclude the game?","Target the enemy
king!","Use your active rook for the final blow.","f7e7","Now Black's king is
doomed.",5]} 42. Rxe7 $1 {[%csl Rg5,Rh7][%cal Ge4g5,Gd4h4,Gh4h7] The final
blow!} (42. Rxe7 Kh6 (42... Rxe7 43. Nxg5+ Kh6 44. Qh4#) 43. Qe3 Rxe7 44. Qxg5+
Kh7 45. Qh4#) 1-0

[Event "Hoogovens-B"]
[Site "Wijk aan Zee"]
[Date "1999.01.25"]
[Round "6"]
[White "Lputian, Smbat G"]
[Black "Janssen, Ruud"]
[Result "1-0"]
[WhiteElo "2614"]
[BlackElo "2445"]
[Annotator "Atlas,V"]
[PlyCount "71"]
[EventDate "1999.01.19"]
[EventType "tourn"]
[EventRounds "11"]
[EventCountry "NED"]
[EventCategory "11"]
[SourceTitle "CBM 069"]
[Source "ChessBase"]
[SourceDate "1999.04.01"]
[SourceVersion "1"]
[SourceVersionDate "1999.04.01"]
[SourceQuality "1"]

1. d4 Nf6 2. c4 e6 3. Nf3 b6 4. a3 Ba6 5. Qc2 c5 6. d5 exd5 7. cxd5 g6 8. Nc3
Bg7 9. g3 O-O 10. Bg2 Re8 11. O-O d6 12. Re1 Nbd7 13. Bf4 Qe7 14. Rad1 $5 {
A flexible continuation, which in this game allowed White to come out of the
opening with better prospects. The other avenues explored in this line are:} (
14. h3 Ne4 15. Nxe4 (15. Rac1 Ndf6 16. Nxe4 Nxe4 17. Nd2 f5 {1/2-1/2 Cebalo,
M-Franco,Z/Saint Vincent 1998/EXT 99 (32)}) 15... Qxe4 16. Qd2 Qe7 17. e4 (17.
Rac1 Nf6 18. Rc2 Rad8 19. Bg5 Qf8 20. Qd1 h6 21. Bxf6 Bxf6 22. e3 Qg7 $15 {
1/2-1/2 Schandorff,L-Hamann,S/Copenhagen 1996/CBM 51 ext (50)}) 17... Rad8 18.
Rad1 Ne5 19. Nxe5 Bxe5 20. Bg5 Bf6 21. h4 Qe5 {0-1 Lputian,S-Agrest,E/Biel
1997/CBM 60 ext (40)}) (14. Qa4 Bb7 15. Nb5 Nxd5 16. Nxd6 Bxb2 17. Nxb7 Bxa1
18. Rxa1 Nc3 {1/2-1/2 Riazantsev,A-Mitenkov,A/Moscow 1998/EXT 99 (45)}) (14. e4
Ng4 15. Bg5 f6 16. Bf4 {1/2-1/2 Kramnik,V-Timman,J/Linares 1993/CBM 34 (82)})
14... Ne4 15. Nxe4 Qxe4 16. Qd2 {In contrast with Lputjan,S-Agrest,E where
White played h2-h3, White spared an important tempo.} Nf6 $6 (16... Qe7 {
was a better choice. Now after} 17. e4 Ne5 {White can continue a fight for the
advantage by means of} 18. Nxe5 Bxe5 19. Bxe5 Qxe5 (19... dxe5 20. d6 $5 Qe6
21. Qh6 {[%cal Yg2h3]}) 20. f4 {and if} Qf6 $6 {then} 21. e5 dxe5 22. Qc3 $16)
17. Bxd6 Rad8 18. Ng5 Qa4 {Is that the best retreat?} (18... Qf5 {has no sense
in view of} 19. e4 (19. Bh3 Ne4)) ({but} 18... Qc4 $5 {might be a better move:}
{if} 19. Bc7 (19. Rc1 $143 Qd4 ({or} 19... Rxe2 20. Rxe2 Qxe2 21. Qxe2 Bxe2 22.
Be7 Rd7 23. d6 h6 24. Ne4 (24. Nf3 $6 Ne8 {[%csl Rb2,Rd6]}) 24... Nxe4 25. Bxe4
Bb5 {and a draw is most plausible outcome here.}) 20. Qxd4 cxd4 21. Bc7 Rd7 22.
d6 {[%csl Rd7][%cal Yg2c6,Yg2h3]} h6 23. Nh3 Ne4 {and activity of Black's
pieces will likely allow him to win back a pawn.}) 19... Rd7 20. d6 {then} h6 (
20... Rxe2 {isn't good because of} 21. Rxe2 Qxe2 22. Bc6) 21. Nh3 Ne4 {and
Black's pieces wake.}) 19. Bc7 Rd7 20. d6 {[%csl Rd7]} h6 21. Nh3 (21. Nf3 $143
Ne4 22. Qc1 Re6 23. Bh3 f5 {and Black win a pawn Back, since} 24. g4 Nxd6 25.
Bxd6 Rexd6 26. Rxd6 Rxd6 27. gxf5 {runs up against} Bxe2 $1) 21... Rc8 $6 (
21... Ne4 22. Qc1 Qb3 {deserved attention.}) 22. Qf4 $1 Qb3 {After this move
White launches a long and beautiful combination which secures him a victory.} (
22... Qxf4 {loses to} 23. Nxf4 g5 (23... Bb5 24. Bh3) 24. Nd3) (22... Bb5 23.
Qxa4 Bxa4 24. Rd2 {and White's central pawns dominate the position.}) 23. Bc6
Rcxc7 24. Ba4 Qe6 25. dxc7 Rxd1 26. Rxd1 Qxh3 27. g4 $1 {Cutting off Black's
queen. Bishop will remain the only piece able of preventing White's pawn from
queening.} Nxg4 (27... Qxg4+ 28. Qxg4 Nxg4 29. Rd8+ Kh7 30. h3 Be5 (30... Nf6
31. Bb5 Bb7 32. Rb8 $18) 31. hxg4 Bxc7 32. Rd7 Be5 33. Rxf7+ Kh8 34. Rxa7 $18)
28. Bd7 $1 f5 (28... Qxh2+ 29. Qxh2 Nxh2 30. Rd5 $1 Bxb2 31. Kxh2 $18) 29. Bb5
$1 Bb7 (29... Be5 {could have been answered by} 30. Qxe5 $1 Nxe5 31. Bxa6 Qg4+
32. Kf1 (32. Kh1 Qe4+ 33. f3 $18) 32... Qh3+ 33. Ke1 $18) 30. Bc6 Ba6 31. Rd3
$1 Qh4 32. Bb5 $1 Bb7 33. Rd8+ Kh7 34. Rb8 Bc8 (34... Be5 35. Rxb7 Bxf4 36.
c8=Q+ $18) 35. Rxc8 Be5 36. Rd8 $1 {Black's pieces, inspite of their menacing
location, are not capable to stop White's pawn.} (36. Rd8 Bxf4 (36... Qxh2+ 37.
Qxh2 Bxh2+ 38. Kg2 Bxc7 39. Rd7+ $18) 37. Rd7+) 1-0

[Event "RUS-ch"]
[Site "Elista"]
[Date "1996.??.??"]
[Round "10"]
[White "Zakharevich, Igor"]
[Black "Sakaev, Konstantin"]
[Result "0-1"]
[WhiteElo "2485"]
[BlackElo "2600"]
[Annotator "Atlas,V"]
[PlyCount "79"]
[EventDate "1996.10.15"]
[EventType "swiss"]
[EventRounds "11"]
[EventCountry "RUS"]
[SourceTitle "CBM 056"]
[Source "ChessBase"]
[SourceDate "1997.02.01"]
[SourceVersion "1"]
[SourceVersionDate "1997.02.01"]
[SourceQuality "1"]

1. d4 Nf6 2. c4 e6 3. Nf3 b6 4. Nc3 Bb7 5. a3 g6 6. d5 $5 {There are some
noteworthy alternatives: 6. Bg5, 6.Bf4, 6.Qc2, 6. g3, 6. e3, and, finally, a
new idea 6. Qd3, introduced into chess practice by Cvitan in 1995 and
successfully employed by Karpov in his recent game against Romanishin in Biel
1996.} Bg7 7. g3 ({The main continuation.} 7. e4 {does not lead to any
advantage:} O-O 8. Be2 (8. Bd3 d6 9. O-O Nbd7 10. Re1 c6 11. Bg5 cxd5 12. cxd5
exd5 13. Nxd5 h6 14. Nxf6+ Nxf6 15. Bh4 Re8 16. Nd2 Qd7 17. a4 Bc6 $11 {
Varga,Z-Kosashvili,Y/Guildford 1991}) 8... exd5 9. exd5 c6 10. O-O Na6 11. Bg5
h6 12. Bh4 cxd5 13. cxd5 Re8 14. Nd4 Nc5 15. Bf3 Ba6 $36 {Garcia Palermo,
C-Christiansen,L/BL 1989.}) 7... O-O 8. Bg2 c6 {The other popular
continuations are 8...d5 and 8...c6 -see Dautov's Survey (1994)} 9. dxe6 fxe6
$5 $146 ({This move was recommended, but never tested in tournament practice.
The main line is} 9... dxe6) 10. h4 $5 (10. e4 {workes out well after} {
However,} c5 $1 (10... d5 11. cxd5 exd5 12. exd5 Re8+ 13. Be3 Nxd5 (13... Ng4
14. O-O Nxe3 15. fxe3 Rxe3 16. Nd4 cxd5 17. Nxd5 Bxd5 (17... Re8 18. Ne6 $1
Rxe6 19. Nf6+ $1 Bxf6 20. Qxd8+ Bxd8 21. Bxb7 $16) 18. Ne6 $1 $16) 14. Qb3 $14)
11. Qe2 d5 {yields Black good counterplay.}) 10... d5 (10... c5 {/\Nc6
deserved attention}) 11. Qc2 Nbd7 ({A safe move} 11... Qe7 {restricted White's
attacking chances}) 12. Ng5 Qe7 13. Bh3 d4 14. h5 $5 {The sharpest try.} (14.
Bxe6+ Kh8 15. Bxd7 (15. Nb1 $2 Nc5 {/\d3->}) (15. Nce4 $2 Nxe4 16. Qxe4 Nc5)
15... dxc3 $44) ({After} 14. Nce4 c5 {Black has good counterchances.}) 14...
dxc3 15. Bxe6+ Kh8 16. hxg6 h6 17. Nf7+ Rxf7 18. Bxf7 Ne5 $1 19. Kf1 Nfg4 ({
This move allows Black to save an important pawn h6 and puts into question
correctness of White's sacrifice.} 19... c5 {, involving into play Bb7, also
deserved attention.}) (19... Nxf7 20. gxf7 Qxf7 21. Bxh6 Bxh6 22. Rxh6+ Kg7 23.
Rh4 {yields White good attacking chances due to the absence of pawn protection
for the black king.}) 20. bxc3 Rf8 21. Bf4 Qc5 22. e4 Nxf7 23. gxf7 Rxf7 24.
Qe2 Bc8 25. Rd1 Be6 26. Kg2 Kh7 27. Rh4 Ne5 28. Be3 Qxc4 29. Qxc4 Nxc4 {
The endgame is better for Black due to the weakness of White's queenside.} 30.
Bd4 Bf8 $1 31. f4 ({An attempt to save a pawn} 31. a4 {would lead to a
hopeless position after} c5 $1 32. Be3 Nxe3+) 31... Rd7 {Resuming the threat
c5.} 32. f5 Bf7 33. Rhh1 Bxa3 34. Kf3 Bf8 35. Bf6 Rxd1 36. Rxd1 Bd6 37. g4 Ne5+
$2 ({Probably, a time-trouble move. Why not} 37... a5 38. Rh1 $140 $2 (38. g5
$140 $4 Bh5+ $19) 38... Nd2+ 39. Ke3 Nxe4 $1 $19) 38. Kg2 Nc4 39. Rh1 Be5 40.
Bg5 {It is a strange decision to give up the game after this move. In any case,
Black retains a winning position after 40...h5 41.gh5 Bc3} 0-1

[Event "Linares Anibal op 04th"]
[Site "Linares"]
[Date "1997.??.??"]
[Round "10"]
[White "Dgebuadze, Alexandre"]
[Black "Allahverdiyev, Anar"]
[Result "1-0"]
[WhiteElo "2415"]
[BlackElo "2380"]
[Annotator "Atlas,V"]
[PlyCount "61"]
[EventDate "1997.02.??"]
[EventType "swiss"]
[EventRounds "10"]
[EventCountry "ESP"]
[SourceTitle "CBM 058"]
[Source "ChessBase"]
[SourceDate "1997.06.01"]
[SourceVersion "1"]
[SourceVersionDate "1997.06.01"]
[SourceQuality "1"]

1. d4 Nf6 2. c4 e6 3. Nf3 b6 4. a3 Bb7 5. Nc3 c5 6. d5 d6 7. e4 exd5 8. cxd5 g6
$6 {The same position occured in the game Stohl,I-Fries Nielsen,JO/Rimavska
Sobota (04) ;CBM 24 1991. Black continued 8...Nbd7 9.Bd3 Be7 and eventually
got in trouble. Dark-squared Bishop is better placed on g7 in this type of
positions, but to achieve the desirable setup is not possible without serious
concessions. As a whole, the Black strategy is hardly justified. White seeks
the direct refutation of 8...g6.} 9. Bb5+ Nbd7 10. Bg5 $1 {It is more
efficient than 10.Bf4.} h6 (10... Bg7 $2 11. e5 dxe5 (11... Qe7 12. Bxd7+) 12.
Nxe5 $18) 11. Bh4 g5 12. Bg3 {The weakening of Black's kingside is achieved
and Bg7 is still impossible.} a6 13. Bc6 {A typical move which increases the
advantage of White.} Ra7 {After} (13... Qc7 14. e5 $1 {is decisive:} Bxc6 (
14... dxe5 15. Bxe5) 15. exd6 Qb7 16. dxc6 Qxc6 17. Qe2+ $16) 14. e5 {[#] Of
the numerous tempting possibilities, White choses an immediate breakthrough in
the center. As the following variations show, it might have been better to
postpone this move for the sake of 14.Qa4.} (14. Bxb7 Rxb7 15. Qa4 Qa8 16. Nb5
Qb8 17. Qxa6 Nxe4 18. O-O f5 19. Rae1 Kd8 {and it is not easy to prove White's
advantage.} (19... Kf7 20. Rxe4 $1 fxe4 21. Bxd6 Bxd6 22. Qxb7 Qxb7 23. Nxd6+
$16)) (14. Qa4 $5 Qb8 15. e5 b5 16. Bxd7+ Nxd7 (16... Kxd7 17. Nxb5) 17. Qe4 $1
$16) 14... dxe5 15. Nxe5 Bg7 16. Nxd7 (16. Qa4 {would win the Knight, but not
the game:} O-O 17. Nxd7 Nxd7 18. Bxd7 Bxd5 $44) 16... Nxd7 17. Bd6 $6 {This
move allows Black to seize the initiative.} (17. Qe2+ $5 Qe7 18. Qxe7+ Kxe7 19.
O-O-O {was a better decision. Despite the exchange of the Queens White
preserves strong attack.}) 17... Bxc3+ 18. bxc3 Qf6 19. Bb8 Bxc6 20. Bxa7 Bb5
$2 (20... Qxc3+ {Natural would be much more difficult for White to cope with:}
21. Kf1 Bxd5 (21... Bb5+ 22. Kg1 O-O 23. a4 Bd3 24. a5 bxa5 25. h4 $13) 22.
Qe1+ Qxe1+ 23. Rxe1+ Kd8 {and Black gets the upper hand.}) 21. Qf3 Qxf3 22.
gxf3 Kd8 $6 (22... Ke7 {intending to put the King at d6 was the best chance
for Black. Yet after} 23. a4 Bc4 24. a5 b5 25. h4 gxh4 26. Rxh4 {White should
win.}) 23. a4 Re8+ 24. Kd1 Be2+ 25. Kc2 Bxf3 (25... Kc7 26. Rhe1 $16) 26. Rhe1
Rxe1 27. Rxe1 Bxd5 28. a5 $1 (28. Bb8 $2 Bc6) 28... b5 29. Bxc5 $1 Bb3+ (29...
Nxc5 30. Rd1 $18) 30. Kxb3 Nxc5+ 31. Kc2 1-0

[Event "Biel Credit Suisse"]
[Site "Biel"]
[Date "1997.07.21"]
[Round "1"]
[White "Pelletier, Yannick"]
[Black "Karpov, Anatoly"]
[Result "0-1"]
[WhiteElo "2465"]
[BlackElo "2745"]
[Annotator "Atlas,V"]
[PlyCount "76"]
[EventDate "1997.07.20"]
[EventType "tourn"]
[EventRounds "10"]
[EventCountry "SUI"]
[EventCategory "17"]
[SourceTitle "CBM 060"]
[Source "ChessBase"]
[SourceDate "1997.09.29"]
[SourceVersion "1"]
[SourceVersionDate "1997.09.29"]
[SourceQuality "1"]

1. d4 {Ftacnik} Nf6 2. c4 e6 3. Nf3 b6 4. a3 Bb7 5. Nc3 d5 6. Bg5 Be7 7. Qa4+
Bc6 8. Qb3 (8. Qc2 $6 {Ftacnik} dxc4 9. e4 b5 $17) 8... dxc4 9. Qxc4 O-O 10. e3
(10. Bxf6 {Ftacnik} Bxf6 11. e4 Bb7 12. e5 Be7 13. Bd3 Ba6 14. Nb5 c6 15. Qc2
Bxb5 16. Bxh7+ Kh8 17. h4 Qd5 18. Be4 Qd8 19. O-O-O Nd7 20. Ng5 Rc8 21. Bg6
fxg6 22. Qxg6 Bxg5+ 23. hxg5+ Kg8 24. Qxe6+ Rf7 25. g6 {1-0 Bacrot,E-Guliev,S/
WchJM-U12 Szeged 1994/ (28)}) (10. Rd1 {Ftacnik} Bb7 (10... Nd5 11. Bxe7 Qxe7
12. g3 Nxc3 13. Qxc3 Bd5 14. Bg2 Nd7 15. O-O c5 16. Rfe1 Nf6 17. Ne5 Bxg2 18.
Kxg2 Rac8 19. Qf3 Qc7 20. Rc1 Qd6 21. Nc4 Qxd4 22. Red1 Qe4 23. Qxe4 Nxe4 24.
Rd7 {Gelfand,B-Akopian,V/Cap D'Agde fin1 1996/1/2-1/2 (59)}) 11. g3 Bxf3 12.
exf3 Nd5 13. Bxe7 Qxe7 14. f4 Nd7 15. Bg2 c5 16. O-O Nxc3 17. Qxc3 Rac8 {
1/2-1/2 Khenkin,I-Lalic,B/Isle of Man op 1995}) 10... Bb7 11. Be2 (11. Rd1 Nbd7
(11... Ba6 {Ftacnik} 12. Qa4 $14) 12. Be2 Qc8 13. O-O c5 14. Qa2 h6 15. Bh4 Nd5
16. Bxe7 Nxe7 17. Rc1 Qb8 18. Rfd1 Rd8 19. b4 cxd4 20. Nxd4 Nf6 21. a4 Qe5 22.
a5 Ned5 23. Nxd5 Bxd5 24. Qa1 $11 {1/2-1/2 Tunik,G-Aseev,K/St.Petersburg op2
1994 (43)}) (11. b4 $5 {Ftacnik Aseev,K}) 11... a6 (11... Nd5 12. Bxe7 Qxe7 13.
O-O Rc8 14. Rac1 c5 15. Qa4 Nd7 {= Hansen,C-Tiviakov,S/Groningen 1995} (15...
Nd7 {Ftacnik} 16. Ba6 $1 $14 {>< <->c} Nxc3 17. Rxc3 Bxa6 18. Qxa6 Rd8 19. Qb7
$1 Qd6 20. Rd1 Qb8 21. Qc6 Nf6 22. Rdc1 {1-0 Hansen,C-Tiviakov,S/Groningen
1995/ (47)})) 12. Rc1 Nbd7 13. O-O (13. b4 $6 {Ftacnik} c5 14. dxc5 bxc5 15.
Bxf6 Bxf6 $15) 13... b5 14. Qa2 c5 15. Rfd1 (15. dxc5 {Ftacnik} Bxc5 16. Rfd1
Qe7 $11) (15. Bxf6 {Ftacnik} Bxf6 16. dxc5 Nxc5 17. Nxb5 Bd5 $1 18. Qb1 Nb3 $13
) 15... Nd5 16. Bxe7 Qxe7 17. dxc5 Nxc5 18. b4 (18. Nd4 {Ftacnik} Nxc3 19. Rxc3
Rfd8 $11) 18... Nxc3 19. Rxc3 Ne4 20. Rcd3 Bd5 21. Qb2 Rac8 22. Nd2 Nd6 23. f3
$6 {Unnecessary weakening of the quuenside. Stronger was 23.Bf3, and White
keeps the balance.} (23. Bf3 {Ftacnik} Nc4 24. Qa1 $11) 23... Bc4 $1 $15 {
The strongest continuation. Exchanging his bishop for the knight, Karpov aims
at the weak dark squares on the kingside.} 24. Nxc4 Nxc4 25. Qb3 Nb6 {
Preventing Rd7 and getting control over c-file.} 26. Bf1 (26. e4 {Ftacnik} Rfd8
) 26... h6 {Black is planning to double his rooks along c-file after Rc6.} 27.
Rd6 $2 ({Tempting move, which is effectively refuted by Karpov. Much stronger
was prudent} 27. Rc3) {[%tqu "En","","","","b6d5","",20,"e7c7","White has a
good position. Karpov banks on dangerous initiative and perfect interaction
between his pieces after the pawn sacrifice.",0]} 27... Nd5 $1 $17 ({After
passive} 27... Qc7 {White has a good position. Karpov banks on dangerous
initiative and perfect interaction between his pieces after the pawn sacrifice.
}) 28. Rxa6 Rc3 29. Qb2 Rfc8 $1 {[%csl Re3,Rg2][%cal Gc2g2,Gd5e3,Gc8c2,Ge7g5,
Gg5g2,Gg5e3] Much stronger than Re3. Seizing the c-file and invading the
second rank, Black develops irresistible attack. The interaction between
Black's pieces is incredible!} (29... Rxe3 {Ftacnik} 30. Ra5 Rb8 31. Qd2 $14)
30. e4 {More stubborn was 30.Qf2.} (30. Rd3 {Ftacnik} Rc2 31. Qd4 R8c4 32. Qa7
Qh4 33. e4 Rxg2+ 34. Bxg2 Rc1+ 35. Bf1 Qg5+ 36. Kf2 Rc2+ 37. Ke1 Nc3 $1 $19)
30... Ne3 31. Re1 Nxf1 $1 {Eliminating the king's bodyguard, Black develops
irresistible attack on the position of the white king.} 32. Rxf1 (32. Kxf1 {
Ftacnik} Qh4 $17) 32... Rc2 33. Qe5 {Otherwise after 33...Qg5 Black wins
immediately.} Rd8 $1 {[%csl Rg2][%cal Gc2g2,Gd8d2] Intending to double the
rooks along the second rank.} 34. Qxb5 Rdd2 35. Qb8+ (35. Kh1 {Ftacnik} Rxg2
36. Qb8+ Kh7 37. Rc6 Ra2 $19) 35... Kh7 36. Qg3 (36. Kh1 {Ftacnik} Qg5 37. Qg3
Qb5 $1 $19) 36... Qd7 $1 {Involving the queen into play. White is defenseless.}
37. Ra5 Qd4+ 38. Kh1 Rd1 {[%csl Rh1][%cal Gd1h1,Gc2c1,Gc1d1]} (38... Rd1 {
Shifting focus to the first rank.} 39. Re1 Rcc1 $19) 0-1